[Event "Rome Lazio op 15th"]
[Site "Rome"]
[Date "2022.01.02"]
[Round "1"]
[White "Campanella, Giovanni"]
[Black "Corvi, Marco"]
[Result "0-1"]
[WhiteElo "1763"]
[BlackElo "2270"]
[PlyCount "66"]
[EventDate "2022.01.02"]
[EventType "swiss"]
[EventRounds "7"]
[EventCountry "ITA"]
[SourceTitle "EXT 2023"]
[Source "ChessBase"]
[SourceDate "2022.10.05"]
[SourceVersion "1"]
[SourceVersionDate "2022.10.05"]
[SourceQuality "1"]

1. g3 d5 2. Nf3 Nc6 3. Bg2 e5 4. d3 f6 5. 0-0 Be6 6. b3 Qd7 7. Bb2 h5 8. c4 Nge7 9. cxd5 Nxd5 10. Nc3 0-0-0 11. a3 g5 12. b4 h4 13. b5 Nd4 14. Ne4 Nxf3+ 15. Bxf3 hxg3 16. fxg3 Qh7 17. Rf2 Kb8 18. Qa4 g4 19. Nxf6 Nxf6 20. Bxb7 Bc5 21. d4 Rxd4 22. Bxd4 Bxd4 23. Bg2 Qxh2+ 24. Kf1 Qh1+ 25. Bxh1 Rxh1+ 26. Kg2 Bd5+ 27. Rf3 Rxa1 28. Qb4 Kb7 29. Qe7 gxf3+ 30. exf3 Rg1+ 31. Kh3 Bxf3 32. Kh4 Be3 33. g4 Bf4 0-1

[Event "Campobasso op-A 15th"]
[Site "Campobasso"]
[Date "2008.07.20"]
[Round "5"]
[White "Campanella, Giovanni"]
[Black "Ficco, Corrado"]
[Result "0-1"]
[WhiteElo "1955"]
[BlackElo "2141"]
[PlyCount "102"]
[EventDate "2008.07.18"]
[EventType "swiss"]
[EventRounds "6"]
[EventCountry "ITA"]
[SourceTitle "EXT 2011"]
[Source "ChessBase"]
[SourceDate "2010.11.26"]
[SourceVersion "1"]
[SourceVersionDate "2010.11.26"]
[SourceQuality "1"]

1. e4 c5 2. Nf3 e6 3. d4 cxd4 4. Nxd4 Nf6 5. Nc3 Nc6 6. Be3 Bb4 7. Bd3 d5 8. exd5 Nxd5 9. Nxc6 bxc6 10. Bd2 Nxc3 11. Bxc3 Bxc3+ 12. bxc3 Qf6 13. Qd2 Qe5+ 14. Kf1 0-0 15. Re1 Qf6 16. Re3 g6 17. h4 Rb8 18. Rh2 Rb1+ 19. Ke2 e5 20. c4 Qf4 21. g3 Qg4+ 22. f3 Qxg3 23. Rf2 Be6 24. Qa5 f6 25. h5 Qg1 26. Qd2 Rd8 27. hxg6 hxg6 28. Re4 Qh1 29. c5 Kg7 30. Rb4 Bf5 31. Rxb1 Qxb1 32. Rh2 g5 33. Rg2 Kf8 34. Rh2 Ke7 35. a4 a5 36. Ke3 Qb2 37. Ke2 Qd4 38. Qe3 Bxd3+ 39. cxd3 Qb2+ 40. Qd2 Qxd2+ 41. Kxd2 Rd5 42. Ke3 Rxc5 43. Ke4 Ke6 44. Rh7 Rc1 45. Ke3 Ra1 46. Rc7 Kd6 47. Rf7 Ke6 48. Rc7 Rxa4 49. Rxc6+ Kf5 50. Ra6 Ra1 51. d4 Ra3+ 0-1

[Event "Campobasso op-A 15th"]
[Site "Campobasso"]
[Date "2008.07.18"]
[Round "1"]
[White "Campanella, Giovanni"]
[Black "Gromovs, Sergejs"]
[Result "0-1"]
[WhiteElo "1955"]
[BlackElo "2385"]
[PlyCount "56"]
[EventDate "2008.07.18"]
[EventType "swiss"]
[EventRounds "6"]
[EventCountry "ITA"]
[SourceTitle "EXT 2011"]
[Source "ChessBase"]
[SourceDate "2010.11.26"]
[SourceVersion "1"]
[SourceVersionDate "2010.11.26"]
[SourceQuality "1"]

1. e4 d6 2. Nf3 Nf6 3. e5 dxe5 4. Nxe5 e6 5. d4 Bd6 6. Bc4 0-0 7. 0-0 c5 8. Nf3 cxd4 9. Nxd4 Bxh2+ 10. Kxh2 Qc7+ 11. Kg1 Qxc4 12. b3 Qc7 13. Bb2 a6 14. c4 e5 15. Nc2 Nc6 16. Nc3 Rd8 17. Qe2 Bf5 18. Rad1 Bxc2 19. Qxc2 Nd4 20. Qc1 b5 21. cxb5 axb5 22. Qg5 h6 23. Qh4 Qc6 24. Rfe1 b4 25. Na4 Ne2+ 26. Kf1 Nf4 27. f3 Rxd1 28. Rxd1 Qc2 0-1

[Event "Siena Magari Memorial 9th"]
[Site "Siena"]
[Date "2006.11.12"]
[Round "6"]
[White "Campanella, Giovanni"]
[Black "Bini, Lorenzo"]
[Result "1/2-1/2"]
[WhiteElo "1989"]
[BlackElo "2028"]
[PlyCount "72"]
[EventDate "2006.11.10"]
[EventType "swiss"]
[EventRounds "6"]
[EventCountry "ITA"]
[SourceTitle "EXT 2024"]
[Source "ChessBase"]
[SourceDate "2023.10.10"]
[SourceVersion "1"]
[SourceVersionDate "2023.10.10"]
[SourceQuality "1"]

1. e4 b6 2. Nf3 Bb7 3. e5 c5 4. Bc4 e6 5. 0-0 d5 6. exd6 Bxd6 7. c3 Nf6 8. d4 0-0 9. Bg5 h6 10. Bh4 Nbd7 11. Nbd2 Qc7 12. Qe2 Rfe8 13. Bg3 Rad8 14. Ne5 Bxe5 15. dxe5 Qc6 16. f4 Nd5 17. Rf2 Ne7 18. Bd3 Nf5 19. Re1 g6 20. Be4 Qc7 21. Qg4 Bxe4 22. Nxe4 Qc6 23. Bh4 Nxh4 24. Qxh4 Kg7 25. Nd6 Rf8 26. Re3 Qd5 27. Rg3 c4 28. Rh3 h5 29. Rg3 Qd1+ 30. Rf1 Qe2 31. f5 Nxe5 32. fxg6 fxg6 33. Qe7+ Kg8 34. Rgf3 Nxf3+ 35. gxf3 Qe5 36. Ne4 Rde8 1/2-1/2

[Event "Florence op 13th"]
[Site "Florence"]
[Date "2005.12.10"]
[Round "4"]
[White "Campanella, Giovanni"]
[Black "Bini, Alessandro"]
[Result "1/2-1/2"]
[WhiteElo "1754"]
[BlackElo "1826"]
[PlyCount "105"]
[EventDate "2005.12.03"]
[EventType "swiss"]
[EventRounds "6"]
[EventCountry "ITA"]
[SourceTitle "EXT 2007"]
[Source "ChessBase"]
[SourceDate "2006.11.23"]
[SourceVersion "1"]
[SourceVersionDate "2006.11.23"]
[SourceQuality "1"]

1. e4 Nc6 2. d4 d6 3. c4 Nf6 4. Nc3 g6 5. f4 Bh6 6. Be2 0-0 7. Bf3 e5 8. Nge2 Bg4 9. 0-0 Bxf3 10. Rxf3 exd4 11. Nxd4 Re8 12. Nxc6 bxc6 13. Qd3 Qe7 14. Bd2 Nxe4 15. Re1 f5 16. Rh3 Bg7 17. Ree3 Qe6 18. b3 Rad8 19. Qc2 Bd4 20. Ne2 Bxe3+ 21. Rxe3 Qf6 22. Ba5 Re7 23. Qd1 d5 24. Rd3 Nc5 25. Bb4 Nxd3 26. Bxe7 Qxe7 27. Qxd3 Re8 28. Kf2 Qe4 29. Qxe4 Rxe4 30. cxd5 cxd5 31. g3 Kf7 32. Nc3 d4 33. Nxe4 fxe4 34. Ke2 c5 35. g4 Ke6 36. h3 Kd5 37. a3 a6 38. Kd2 c4 39. bxc4+ Kxc4 40. h4 a5 41. a4 Kb4 42. h5 gxh5 43. f5 Kc5 44. g5 h4 45. g6 hxg6 46. fxg6 h3 47. g7 h2 48. g8Q h1Q 49. Qg5+ Kb4 50. Qb5+ Ka3 51. Qc5+ Kxa4 52. Qxd4+ Kb5 53. Qd5+ 1/2-1/2

[Event "Florence op 13th"]
[Site "Florence"]
[Date "2005.12.04"]
[Round "2"]
[White "Campanella, Giovanni"]
[Black "Bini, Lorenzo"]
[Result "0-1"]
[WhiteElo "1754"]
[BlackElo "2016"]
[PlyCount "84"]
[EventDate "2005.12.03"]
[EventType "swiss"]
[EventRounds "6"]
[EventCountry "ITA"]
[SourceTitle "EXT 2007"]
[Source "ChessBase"]
[SourceDate "2006.11.23"]
[SourceVersion "1"]
[SourceVersionDate "2006.11.23"]
[SourceQuality "1"]

1. e4 b6 2. c4 Bb7 3. Nc3 g6 4. d4 Bg7 5. f4 d6 6. Nf3 Nf6 7. Bd3 0-0 8. 0-0 e6 9. Kh1 Nbd7 10. Be3 c5 11. d5 exd5 12. cxd5 a6 13. a4 Re8 14. Bg1 c4 15. Bc2 Qc7 16. Qd2 Rad8 17. Rad1 Ba8 18. Bd4 Qb7 19. Qf2 b5 20. axb5 axb5 21. Ra1 b4 22. Ra7 Qb8 23. e5 bxc3 24. exf6 Nxf6 25. bxc3 Bxd5 26. f5 Ng4 27. Qh4 Bxd4 28. fxg6 hxg6 29. Qxg4 Qxa7 30. Nxd4 Qe7 31. h4 Be4 32. Ba4 Rf8 33. h5 Ra8 34. hxg6 f5 35. Qh5 Rxa4 36. Ne6 Raa8 37. g7 Qxe6 38. Qh8+ Kf7 39. Qh7 Rg8 40. Qh5+ Qg6 41. Qxg6+ Kxg6 42. Rd1 d5 0-1

[Event "Florence op 13th"]
[Site "Florence"]
[Date "2005.12.03"]
[Round "1"]
[White "Sottani, Paolo"]
[Black "Campanella, Giovanni"]
[Result "1/2-1/2"]
[WhiteElo "2043"]
[BlackElo "1754"]
[PlyCount "61"]
[EventDate "2005.12.03"]
[EventType "swiss"]
[EventRounds "6"]
[EventCountry "ITA"]
[SourceTitle "EXT 2007"]
[Source "ChessBase"]
[SourceDate "2006.11.23"]
[SourceVersion "1"]
[SourceVersionDate "2006.11.23"]
[SourceQuality "1"]

1. e4 e6 2. d4 d5 3. Nd2 c5 4. exd5 exd5 5. Ngf3 Nc6 6. Bb5 Qb6 7. Qe2+ Be7 8. 0-0 a6 9. Ba4 Nf6 10. Re1 Qc7 11. dxc5 Ra7 12. Nd4 0-0 13. Bxc6 Bxc5 14. N2f3 bxc6 15. h3 Qb6 16. c3 Re7 17. Qd1 Rfe8 18. Rxe7 Rxe7 19. Bg5 Bxd4 20. cxd4 Re6 21. Bxf6 Rxf6 22. Qd2 Bxh3 23. gxh3 h6 24. Ne5 c5 25. Rc1 Qe6 26. Rxc5 Qxh3 27. Qc3 Qh4 28. Qg3 Qxd4 29. Rc8+ Kh7 30. Qd3+ Rg6+ 31. Nxg6 1/2-1/2

[Event "ITA-ch U20"]
[Site "Porto San Giorgio"]
[Date "2004.08.28"]
[Round "9"]
[White "Campanella, Giovanni"]
[Black "Valsecchi, Alessio"]
[Result "0-1"]
[WhiteElo "1694"]
[BlackElo "1739"]
[PlyCount "104"]
[EventDate "2004.08.20"]
[EventType "swiss"]
[EventRounds "9"]
[EventCountry "ITA"]
[SourceTitle "EXT 2005"]
[Source "ChessBase"]
[SourceDate "2004.11.15"]
[SourceVersion "1"]
[SourceVersionDate "2004.11.15"]
[SourceQuality "1"]

1. e4 c5 2. Nf3 d6 3. d4 cxd4 4. Nxd4 Nf6 5. Nc3 g6 6. f3 Bg7 7. Be3 0-0 8. Be2 Nc6 9. h4 d5 10. h5 dxe4 11. hxg6 hxg6 12. Nxc6 bxc6 13. fxe4 Qxd1+ 14. Rxd1 Bg4 15. Bf3 Rab8 16. b3 Nd7 17. Bxg4 Bxc3+ 18. Ke2 Ne5 19. Bh3 Rb7 20. Bd4 Bxd4 21. Rxd4 Kg7 22. Ke3 e6 23. Kf4 Nd7 24. Rd6 Rc7 25. a4 Nf6 26. g4 g5+ 27. Kf3 c5 28. Bf1 Nd7 29. Bb5 Ne5+ 30. Kg3 Rb8 31. c3 Kf6 32. Rh5 c4 33. b4 Ke7 34. Ra6 Rd8 35. Rxg5 Kf6 36. Rh5 Rd3+ 37. Kg2 Rxc3 38. Ra5 Nd3 39. Be8 Nf4+ 40. Kf2 Nxh5 41. Rxh5 Rb3 42. Rc5 Rxc5 43. bxc5 Ke7 44. Bb5 c3 45. Ke2 c2 46. Kd2 Rc3 47. Kc1 Rxc5 48. Bd3 Kf6 49. Bxc2 Kg5 50. Kd2 Kxg4 51. Bd3 f5 52. exf5 exf5 0-1

[Event "ITA-ch U20"]
[Site "Porto San Giorgio"]
[Date "2004.08.20"]
[Round "1"]
[White "Chinello, Gianmarco"]
[Black "Campanella, Giovanni"]
[Result "1-0"]
[WhiteElo "2100"]
[BlackElo "1694"]
[PlyCount "111"]
[EventDate "2004.08.20"]
[EventType "swiss"]
[EventRounds "9"]
[EventCountry "ITA"]
[SourceTitle "EXT 2005"]
[Source "ChessBase"]
[SourceDate "2004.11.15"]
[SourceVersion "1"]
[SourceVersionDate "2004.11.15"]
[SourceQuality "1"]

1. e4 e6 2. d4 d5 3. exd5 exd5 4. Bd3 Bd6 5. Nf3 Ne7 6. Nc3 c6 7. Be3 0-0 8. Qd2 Bf5 9. 0-0 Nd7 10. Ne2 Qc7 11. Ng3 Bxd3 12. Qxd3 Nf6 13. Rae1 Ng6 14. Nf5 Bb4 15. c3 Ba5 16. a4 a6 17. Ne5 Bb6 18. Re2 Rae8 19. Nxg6 fxg6 20. Ng3 Ba7 21. Rfe1 Bb8 22. Nf1 Re4 23. g3 Qf7 24. Nd2 Ree8 25. Bg5 Ng4 26. f3 Rxe2 27. Qxe2 Nf6 28. Bxf6 gxf6 29. Nb3 Bd6 30. Qe6 Rd8 31. Na5 Qxe6 32. Rxe6 Kf7 33. Nxb7 Kxe6 34. Nxd8+ Kd7 35. Nb7 Be7 36. Kf2 Ke6 37. g4 f5 38. h3 Bg5 39. Nc5+ Kd6 40. Ke2 fxg4 41. fxg4 h5 42. gxh5 gxh5 43. Nxa6 Bc1 44. b4 Kd7 45. Nc5+ Kc7 46. Nd3 Bg5 47. Ne5 Kb6 48. Kd3 Be7 49. Nd7+ Kc7 50. Nc5 Kb6 51. c4 dxc4+ 52. Kxc4 Bd6 53. Kd3 Be7 54. Ke4 Bd6 55. Kf5 Be7 56. Ke6 1-0

[Event "ITA-ch U20 26th"]
[Site "Bratto"]
[Date "2003.08.28"]
[Round "8"]
[White "Campanella, Giovanni"]
[Black "Fratino, Lorenzo"]
[Result "1-0"]
[WhiteElo "1549"]
[BlackElo "1548"]
[PlyCount "87"]
[EventDate "2003.08.21"]
[EventType "swiss"]
[EventRounds "9"]
[EventCountry "ITA"]
[SourceTitle "EXT 2007"]
[Source "ChessBase"]
[SourceDate "2006.11.23"]
[SourceVersion "1"]
[SourceVersionDate "2006.11.23"]
[SourceQuality "1"]

1. e4 e5 2. Nf3 Nf6 3. d4 Nxe4 4. Bd3 d5 5. dxe5 Nc6 6. 0-0 Bc5 7. Nbd2 Nxd2 8. Bxd2 0-0 9. Re1 Bg4 10. c3 Qd7 11. b4 Bb6 12. Rc1 Rfe8 13. Bf4 d4 14. b5 Bxf3 15. Qxf3 Na5 16. c4 c5 17. Qe4 g6 18. Bh6 Bc7 19. f4 a6 20. Qd5 Qxd5 21. cxd5 axb5 22. Bxb5 Red8 23. d6 Bb6 24. Bg5 Rdb8 25. Kf1 Nc6 26. a4 Nd8 27. Ke2 Ne6 28. h4 Bd8 29. g3 Nxg5 30. hxg5 Ba5 31. Rh1 b6 32. Kd3 Kg7 33. Kc4 Rh8 34. Rh6 Bd2 35. Rf1 Kf8 36. Rfh1 Kg7 37. Rd1 Ba5 38. Kd5 Rac8 39. Kc4 Ra8 40. g4 Rac8 41. f5 Rhe8 42. Bxe8 Rxe8 43. Rdh1 gxf5 44. gxf5 1-0

[Event "ITA-ch U20 26th"]
[Site "Bratto"]
[Date "2003.08.22"]
[Round "2"]
[White "Longo, Aldo"]
[Black "Campanella, Giovanni"]
[Result "1-0"]
[WhiteElo "1677"]
[BlackElo "1549"]
[PlyCount "57"]
[EventDate "2003.08.21"]
[EventType "swiss"]
[EventRounds "9"]
[EventCountry "ITA"]
[SourceTitle "EXT 2007"]
[Source "ChessBase"]
[SourceDate "2006.11.23"]
[SourceVersion "1"]
[SourceVersionDate "2006.11.23"]
[SourceQuality "1"]

1. e4 e6 2. d4 d5 3. Nd2 c5 4. exd5 exd5 5. Bb5+ Nc6 6. Qe2+ Be7 7. Ngf3 Bd7 8. dxc5 Nf6 9. 0-0 0-0 10. Nb3 Re8 11. Be3 Qc7 12. Rad1 Rad8 13. Qd2 Ne5 14. Nfd4 Ne4 15. Qe2 Ng4 16. Nf3 Nxc5 17. Bxd7 Rxd7 18. Bxc5 Bxc5 19. Qxe8+ Bf8 20. Rfe1 Rd6 21. Nbd4 Rh6 22. h3 Nf6 23. Qe2 Nh5 24. Ne5 Nf4 25. Qg4 Ng6 26. Nf5 Nxe5 27. Nxh6+ Kh8 28. Rxe5 gxh6 29. Re8 1-0

[Event "ITA-ch U20 26th"]
[Site "Bratto"]
[Date "2003.08.21"]
[Round "1"]
[White "Campanella, Giovanni"]
[Black "Napoli, Nicolo"]
[Result "0-1"]
[WhiteElo "1549"]
[BlackElo "2039"]
[PlyCount "120"]
[EventDate "2003.08.21"]
[EventType "swiss"]
[EventRounds "9"]
[EventCountry "ITA"]
[SourceTitle "EXT 2007"]
[Source "ChessBase"]
[SourceDate "2006.11.23"]
[SourceVersion "1"]
[SourceVersionDate "2006.11.23"]
[SourceQuality "1"]

1. e4 g6 2. d4 Bg7 3. Nf3 d6 4. Be3 Nd7 5. c3 e5 6. d5 Ne7 7. Nfd2 a5 8. Bb5 c6 9. Bc4 0-0 10. 0-0 Nb6 11. a4 cxd5 12. Bxb6 Qxb6 13. Bxd5 Nxd5 14. exd5 Qxb2 15. Ra3 Qb6 16. c4 f5 17. Nc3 Bd7 18. Qc2 e4 19. Rb3 Qc7 20. Rfb1 Rab8 21. Nb5 Qc5 22. Nf1 Rbe8 23. Kh1 f4 24. Qd2 Bh6 25. Qxa5 Qxf2 26. R3b2 Qc5 27. Qc7 Bxb5 28. Qxc5 dxc5 29. Rxb5 e3 30. Re1 g5 31. h3 Bg7 32. Nh2 e2 33. Nf3 Bc3 34. Rxc5 Bxe1 35. Nxe1 Rc8 36. Rb5 Rxc4 37. Kg1 Rxa4 38. Kf2 Rd4 39. Nf3 e1Q+ 40. Kxe1 Re4+ 41. Kf2 h6 42. Rxb7 Rd8 43. Rb5 Rd6 44. Rc5 Kg7 45. g3 Kf6 46. gxf4 Rxf4 47. Ke3 Rf5 48. Ke4 Ra6 49. Rc6+ Rxc6 50. dxc6 Rc5 51. Nd4 h5 52. Kd3 Ke5 53. Nf3+ Kf4 54. Nd4 Kg3 55. Ne6 Rxc6 56. Nxg5 Kh4 57. Ne4 Kxh3 58. Ke2 Re6 59. Kf3 Rxe4 60. Kxe4 Kg2 0-1